Prachatická madona

Titel: Prachatická madona : Josef Chwala (1906-1985) / Zdeňka Oberfalcerová
Verfasser:
Beteiligt:
Veröffentlicht: Prachatice : Prachatické muzeum, 2016, 2016
Umfang: 20 ungezählte Seiten : Illustrationen ; 21 cm
Format: Buch
Sprache: Tschechisch
Schlagworte:
Kein Bild verfügbar
X
alg: 46623229
001A    $03004:02-07-20 
001B    $03004:25-01-21 $t11:39:21.000 
001D    $01999:03-11-20 
001U    $0utf8 
001X    $00 
002@    $0Aay 
002C    $aText $btxt $2rdacontent 
002D    $aohne Hilfsmittel zu benutzen $bn $2rdamedia 
002E    $aBand $bnc $2rdacarrier 
003@    $0466232292 
007A    $0466232292 $aHEB 
010@    $acze 
010E    $erda 
011@    $a2016 $n2016 
021A    $aPrachatická madona $dJosef Chwala (1906-1985) $hZdeňka Oberfalcerová 
028A    $BVerfasser $4aut $8Oberfalcerová, Zdeňka [Tnu] $9475039033 
028C    $BIllustrator $4ill $8Chwala, Josef$Z1906-1985 [Tp1] $9475038592 
033A    $pPrachatice $nPrachatické muzeum, 2016 
034D    $a20 ungezählte Seiten 
034I    $a21 cm 
034M    $aIllustrationen 
037A    $aReliéfy a plastiky poprvé vystaveny v řezbářově rodném městě - 6.4. - 5.6. 2016 výstava ke 110. výročí autorova narození 
044K    $8Chwala, Josef$Z1906-1985 [Tp1] $9475038592 
044K    $RKunst $RNaive Kunst $#Folk art $#Art populaire $#Arte popolare $#Arte popular $#Volkskunst $#Bäuerliche Kunst $#Bauernkunst $#Arte plebea $74063851-0 $8Volkskunst [Ts1] $9085179000 
044K    $RLaienkunst $RVolkskunst $#Primitivism in art $#Art naïf $#Arte naïf $#Primitive Kunst Naive Kunst $74041175-8 $8Naive Kunst [Ts1] $9085112585 
044K    $RPrachatitz $#Prachatitz $#Město Prachatice $75080575-7 $8Prachatice [Tg1] $9044935404 

lok: 46623229 24

exp: 46623229 24 1 #EPN
201B/01 $025-01-21 $t11:39:21.000 
201C/01 $002-07-20 
201U/01 $0utf8 
203@/01 $01113874244 
208@/01 $a03-11-20 $bz 
209A/01 $aS 18776 $du $f050 $hS 18776 $x00 
209C/01 $a20.02195 T $h20 02195 T 
209G/01 $a74228208 $x00 
220C/01 $akon / freie S-Nr. da Dt-tschech. Dialoge jetzt Ab-Satz 
244Z/01 $8--Tp1--Chwala, Josef$Z1906-1985 $x01 $9475038592 
247C/01 $8358050-7 Marburg, Bibliothek des Herder-Instituts Marburg $9102600961
LEADER 00000cam a22000002c 4500
001 466232292
003 DE-603
005 20210125113921.0
007 tu
008 200702s2016 xx |||| | u00||u|cze c
035 |a (DE-599)HEB466232292 
040 |a DE-603  |b ger  |c DE-603  |d DE-603  |e rda 
041 |a cze 
100 1 |a Oberfalcerová, Zdeňka  |e Verfasser  |4 aut  |0 (DE-603)475039033 
245 0 0 |a Prachatická madona  |b Josef Chwala (1906-1985)  |c Zdeňka Oberfalcerová 
264 1 |a Prachatice  |b Prachatické muzeum, 2016  |c 2016 
300 |a 20 ungezählte Seiten  |b Illustrationen  |c 21 cm 
336 |a Text  |b txt  |2 rdacontent 
337 |a ohne Hilfsmittel zu benutzen  |b n  |2 rdamedia 
338 |a Band  |b nc  |2 rdacarrier 
500 |a Reliéfy a plastiky poprvé vystaveny v řezbářově rodném městě - 6.4. - 5.6. 2016 výstava ke 110. výročí autorova narození 
600 1 7 |a Chwala, Josef  |d 1906-1985  |0 (DE-588)1225697573  |0 (DE-603)475038592  |2 gnd 
650 7 |a Volkskunst  |0 (DE-588)4063851-0  |0 (DE-603)085179000  |2 gnd 
650 7 |a Naive Kunst  |0 (DE-588)4041175-8  |0 (DE-603)085112585  |2 gnd 
651 7 |a Prachatice  |0 (DE-588)5080575-7  |0 (DE-603)044935404  |2 gnd 
700 1 |a Chwala, Josef  |d 1906-1985  |e Illustrator  |4 ill  |0 (DE-603)475038592  |0 (DE-588)1225697573  |2 gnd 
924 0 |9 Mb 50  |a (DE-603)1113874244  |b DE-Mb50  |c HES  |d c  |g S 18776